Pandangan para ahli pikir tentang taqdir & ikhtiar

Bibliographic Details
Main Author: Thalib, M. (Author)
Format: Book
Published: Surabaya : Bina Ilmu , [1977]
Subjects:

MARC

LEADER 00000cam a2200000 7i4500
001 0000004626
005 20190423093000.0
008 021118s1977
090 0 0 |a BP166.3   |b .T52 
100 0 |a Thalib, M. ,   |e author 
245 0 0 |a Pandangan para ahli pikir tentang taqdir & ikhtiar   |c Mohammad Thalib 
260 2 |a Surabaya :   |b Bina Ilmu ,   |c [1977] 
300 |a 95 ms. ;   |c 21 sm. 
650 0 |a Fate and fatalism   |x Religious aspects   |x Islam 
650 0 |a Islam   |x Doctrines 
999 |a 1000006350   |b Book   |c OPEN SHELF (30 DAYS)   |e Gong Badak Campus